| 000 | 00830nam a22002415i 4500 | ||
|---|---|---|---|
| 001 | 13771 | ||
| 003 | ES-MaACL | ||
| 005 | 20230906150647.0 | ||
| 007 | t| | ||
| 008 | 940527s1994 sp ||||0| spa j | ||
| 040 |
_aM-BN _bspa _cM-BN |
||
| 080 | _a338.2(460)"1982/..." | ||
| 245 | 0 | 0 |
_aPolítica económica y las reformas estructurales de la economía española / _c[Argandoña ... et al.]. |
| 260 |
_aMadrid : _bCírculo de Empresarios, _cD.L. 1994. |
||
| 300 |
_a514 p ; _c22 cm. |
||
| 490 | 1 |
_aPublicaciones monográficas, _xISSN 1133-1771 |
|
| 651 | 4 |
_aEspaña- _xPolítica económica- _y1982-1996. _98410 |
|
| 700 | 1 |
_aArgandoña, Antonio. _922680 |
|
| 710 | 2 |
_aCírculo de Empresarios. _92821 |
|
| 830 | 0 |
_aPublicaciones monográficas, _xISSN 1133-1771 _9179530 |
|
| 852 |
_aES-MaACL _jL-21100 |
||
| 999 |
_c13771 _d13771 |
||